[Event "Budapest for the Tournament Player #3"]
[Site "SchemingMind.com"]
[Date "2007.02.25"]
[Round "-"]
[White "iain"]
[Black "mart_r3000"]
[Result "0-1"]
[WhiteCountry "USA"]
[BlackCountry "ENG"]
[WhiteElo "1379"]
[WhiteRD "63"]
[BlackElo "1354"]
[BlackRD "54"]
[GameID "93910"]

1. d4 Nf6 2. c4 e5 3. dxe5 Ne4 4. a3 Be7 5. Nf3 O-O 6. e3 d6 7. Be2 c6 8. exd6 Nxd6 9. O-O c5 10. Nc3 Nc6
11. Nd5 Bg5 12. Nxg5 Qxg5 13. f4 Qg6 14. Bh5 Qf5 15. b4 Nxc4 16. Bf3 Re8 17. Re1 Be6 18. Nc7 Rad8 19. Qe2 Re7 20. Nxe6 Qxe6
21. Bxc6 bxc6 22. bxc5 Qe4 23. Qf3 Qg6 24. Rd1 Red7 25. Rxd7 Rxd7 26. a4 Qf6 27. Rb1 h6 28. Rb8+ Kh7 29. Qe4+ g6 30. Qxc4 Qa1
31. Kf2 Qf6 32. a5 g5 33. a6 Kg7 34. Bb2 Rd2+ 35. Kf3 Rxb2 36. Rb7 h5 37. h3 g4+ 38. hxg4 hxg4+ 39. Kg3 Kg6 40. Rxa7 Kh5
41. Rxf7 Qh4#
0-1

[Event "Budapest for the Tournament Player #3"]
[Site "SchemingMind.com"]
[Date "2007.02.25"]
[Round "-"]
[White "mart_r3000"]
[Black "iain"]
[Result "0-1"]
[WhiteCountry "ENG"]
[BlackCountry "USA"]
[WhiteElo "1354"]
[WhiteRD "54"]
[BlackElo "1379"]
[BlackRD "63"]
[GameID "93911"]

1. d4 Nf6 2. c4 e5 3. dxe5 Ng4 4. Nf3 Nc6 5. Bf4 d6 6. Bg5 f6 7. exf6 Nxf6 8. Nc3 Be7 9. e4 O-O 10. Bd3 Ne5
11. Nxe5 dxe5 12. O-O b6 13. h3 Bb7 14. Qb3 h6 15. Bh4 g5 16. Bg3 Kh7 17. Bxe5 Bd6 18. Bxd6 cxd6 19. e5+ Kg7 20. Rae1 dxe5
21. Rxe5 Qxd3 22. Re7+ Rf7 23. Rxf7+ Kxf7 24. c5+ Kg6 25. Qe6 bxc5 26. Rd1 Qf5 27. Qe2 Bc6 28. f3 Re8 29. Qc4 Bxf3 30. Rf1 Qc2
31. Rxf3 Qc1+ 32. Kh2 Qxb2 33. Qd3+ Kg7 34. Qf5 Rf8 35. Kg3 Nh5+ 36. Kg4 Rxf5 37. Kxf5 Qxg2 38. Rd3 Ng3+ 39. Ke5 Qxh3 40. Rd5 Qf5+
41. Kd6 Qf8+ 42. Kc6 Nf5 43. Kb5 Nd4+ 44. Kc4 Ne6 45. Ne4 Qf4 46. Rd7+ Kg6 47. Kd5 Qf5+ 48. Kd6 Qxe4 49. Re7 Kf6 50. Kd7 Qb7+
0-1

[Event "Budapest for the Tournament Player #3"]
[Site "SchemingMind.com"]
[Date "2007.03.03"]
[Round "-"]
[White "chronorook"]
[Black "iain"]
[Result "1-0"]
[WhiteCountry "PHI"]
[BlackCountry "USA"]
[WhiteElo "1598"]
[WhiteRD "106"]
[BlackElo "1379"]
[BlackRD "63"]
[GameID "94550"]

1. d4 Nf6 2. c4 e5 3. dxe5 Ng4 4. Nf3 Be7 5. Nc3 O-O 6. e4 d6 7. exd6 cxd6 8. Bd3 Ne5 9. Bc2 Nbc6 10. O-O Nxc4
11. Bb3 N4e5 12. Bf4 Ng6 13. Be3 Bg4 14. h3 Bxf3 15. Qxf3 Nce5 16. Qe2 b6 17. Rad1 Qc7 18. Nd5 Qd7 19. f4 Nc6 20. e5 Qb7
21. exd6 Bxd6 22. Nf6+ gxf6 23. f5 Nge7 24. Bh6 Rfd8 25. Qg4+ Ng6 26. fxg6 Ne5 27. gxh7+
1-0

[Event "Budapest for the Tournament Player #3"]
[Site "SchemingMind.com"]
[Date "2007.03.03"]
[Round "-"]
[White "chronorook"]
[Black "mart_r3000"]
[Result "1-0"]
[WhiteCountry "PHI"]
[BlackCountry "ENG"]
[WhiteElo "1598"]
[WhiteRD "106"]
[BlackElo "1354"]
[BlackRD "54"]
[GameID "94551"]

1. d4 Nf6 2. c4 e5 3. dxe5 Ne4 4. Nf3 Nc6 5. e3 Bc5 6. Bd3 Nxf2 7. Kxf2 O-O 8. Re1 d6 9. Nc3 Bg4 10. h3 Bxf3
11. Qxf3 Nxe5 12. Qe4 Qf6+ 13. Kg1 Rad8 14. Qxh7#
1-0

[Event "Budapest for the Tournament Player #3"]
[Site "SchemingMind.com"]
[Date "2007.03.01"]
[Round "-"]
[White "iain"]
[Black "chronorook"]
[Result "0-1"]
[WhiteCountry "USA"]
[BlackCountry "PHI"]
[WhiteElo "1379"]
[WhiteRD "63"]
[BlackElo "1598"]
[BlackRD "106"]
[GameID "94552"]

1. d4 Nf6 2. c4 e5 3. dxe5 Ne4 4. Nf3 Be7 5. e3 O-O 6. Bd3 Nc5 7. O-O d6 8. exd6 Qxd6 9. Nc3 Bg4 10. Be2 Qf6
11. Nd4 Bxe2 12. Qxe2 Nbd7 13. b4 Ne6 14. Bb2 Qg6 15. Nxe6 Qxe6 16. Nd5 Rac8 17. b5 c6 18. bxc6 Rxc6 19. Nf4 Qh6 20. Nd5 Bd6
21. a4 Qxh2#
0-1

[Event "Budapest for the Tournament Player #3"]
[Site "SchemingMind.com"]
[Date "2007.03.01"]
[Round "-"]
[White "mart_r3000"]
[Black "chronorook"]
[Result "0-1"]
[WhiteCountry "ENG"]
[BlackCountry "PHI"]
[WhiteElo "1354"]
[WhiteRD "54"]
[BlackElo "1598"]
[BlackRD "106"]
[GameID "94553"]

1. d4 Nf6 2. c4 e5 3. dxe5 Ng4 4. h3 Nxe5 5. e4 Nbc6 6. f4 Ng6 7. Nf3 Bc5 8. f5 Nge5 9. Bf4 Nxf3+ 10. Qxf3 O-O
11. Nc3 Nd4 12. Qg4 Nc2+ 13. Ke2 Nxa1 14. Bh6 Qf6 15. Kf3 Qxh6 16. Nd5 c6 17. Nf4 d5 18. cxd5 cxd5 19. Nxd5 Rd8 20. Bc4 Rxd5
21. Re1 Rd1 22. Re2 Rf1+ 23. Kg3 Bd6+
0-1

[Event "Budapest for the Tournament Player #3"]
[Site "SchemingMind.com"]
[Date "2007.03.06"]
[Round "-"]
[White "nwhitelaw"]
[Black "chronorook"]
[Result "0-1"]
[WhiteCountry "GBR"]
[BlackCountry "PHI"]
[WhiteElo "1355"]
[WhiteRD "62"]
[BlackElo "1598"]
[BlackRD "106"]
[GameID "95085"]

1. d4 Nf6 2. c4 e5 3. dxe5 Ne4 4. Nf3 Nc6 5. Qc2 Nc5 6. Bg5 Be7 7. e4 Bxg5 8. Nxg5 Qxg5 9. Qc3 Nxe4 10. Qf3 Qc1+
11. Qd1 Qxb2 12. Nd2 Nxd2 13. Be2 O-O 14. Qc1 Qd4 15. Qxd2 Qxa1+ 16. Bd1 Qxe5+ 17. Be2 Re8 18. O-O Nd4 19. Bd3 d6 20. Re1 Qxe1+
0-1

[Event "Budapest for the Tournament Player #3"]
[Site "SchemingMind.com"]
[Date "2007.03.05"]
[Round "-"]
[White "nwhitelaw"]
[Black "iain"]
[Result "1-0"]
[WhiteCountry "GBR"]
[BlackCountry "USA"]
[WhiteElo "1355"]
[WhiteRD "62"]
[BlackElo "1379"]
[BlackRD "63"]
[GameID "95086"]

1. d4 Nf6 2. c4 e5 3. dxe5 Ng4 4. Nf3 Nc6 5. Bf4 Be7 6. e4 O-O 7. Be2 d6 8. exd6 cxd6 9. O-O Nce5 10. Bxe5 Nxe5
11. Nxe5 dxe5 12. Nc3 Qc7 13. Nd5 Qd8 14. Qd3 b6 15. Qg3 f6 16. Bg4 Bb7 17. Rad1 Bxd5 18. Rxd5 Qc7 19. b3 Bc5 20. Rd7 Qc6
21. Bf5 g5 22. Qh3
1-0

[Event "Budapest for the Tournament Player #3"]
[Site "SchemingMind.com"]
[Date "2007.03.05"]
[Round "-"]
[White "nwhitelaw"]
[Black "mart_r3000"]
[Result "0-1"]
[WhiteCountry "GBR"]
[BlackCountry "ENG"]
[WhiteElo "1355"]
[WhiteRD "62"]
[BlackElo "1354"]
[BlackRD "54"]
[GameID "95087"]

1. d4 Nf6 2. c4 e5 3. dxe5 Ne4 4. Be3 Nc6 5. Qd5 Bb4+ 6. Nd2 Nxd2 7. Bxd2 Qg5 8. Nf3 Qh6 9. a3 Ne7 10. axb4 Qg6
11. Nh4 Qh5 12. Qe4 O-O 13. g4 Qxh4 14. Bg2 g6 15. h3 f5 16. Qd3 Nc6 17. b5 fxg4 18. Be3 Nxe5 19. Qd5+ Nf7 20. Rxa7 Rb8
21. Bf4 d6 22. c5 Kg7 23. cxd6 c6 24. d7 cxd5 25. Bxb8 Qg5 26. O-O d4 27. dxc8=Q Rxc8 28. Rxb7 gxh3 29. f4 Qxg2#
0-1

[Event "Budapest for the Tournament Player #3"]
[Site "SchemingMind.com"]
[Date "2007.03.06"]
[Round "-"]
[White "chronorook"]
[Black "nwhitelaw"]
[Result "1-0"]
[WhiteCountry "PHI"]
[BlackCountry "GBR"]
[WhiteElo "1558"]
[WhiteRD "88"]
[BlackElo "1336"]
[BlackRD "66"]
[GameID "95088"]

1. d4 Nf6 2. c4 e5 3. dxe5 Ng4 4. Nc3 Nxe5 5. e4 Bc5 6. Nf3 O-O 7. Be2 Nxf3+ 8. Bxf3 Qh4 9. O-O Nc6 10. a3 d6
11. Qd5 Be6 12. Qg5 Qxg5 13. Bxg5 Bxc4 14. Rfd1 Ne5 15. Be2 Bxe2 16. Nxe2 h6 17. Bf4 Nc4 18. Rac1 Nxb2 19. Rd2 Bxa3 20. Rxc7 g5
21. Be3 Rfc8 22. Rdc2 Rxc7 23. Rxc7 Rd8 24. h4 Bc5 25. Bxc5 dxc5 26. Rxc5 Nd3 27. Rc7 gxh4 28. Rxb7 Re8 29. f3 a5 30. Ra7 Re5
31. Nd4 Rc5 32. Ra6 Rc1+ 33. Kh2 Nf2 34. g3 h3 35. g4 Rd1 36. Nf5 Ra1 37. Nxh6+ Kg7 38. Nf5+ Kh7 39. Kg3 a4 40. Kxf2 h2
41. Rh6+ Kg8 42. Rxh2 a3 43. Kg3 a2 44. Kf4 f6 45. Ne3 Kg7 46. Nf5+ Kf7 47. Rd2
1-0

[Event "Budapest for the Tournament Player #3"]
[Site "SchemingMind.com"]
[Date "2007.03.05"]
[Round "-"]
[White "iain"]
[Black "nwhitelaw"]
[Result "0-1"]
[WhiteCountry "USA"]
[BlackCountry "GBR"]
[WhiteElo "1379"]
[WhiteRD "63"]
[BlackElo "1355"]
[BlackRD "62"]
[GameID "95089"]

1. d4 Nf6 2. c4 e5 3. dxe5 Ng4 4. Nf3 Nc6 5. e3 Ngxe5 6. Be2 Bb4+ 7. Nc3 Bxc3+ 8. bxc3 O-O 9. O-O d6 10. Nxe5 Nxe5
11. Bb2 Qh4 12. Re1 Qg5 13. f4 Qf5 14. h3 Ng6 15. g4 Qe4 16. Ba3 Nh4
0-1

[Event "Budapest for the Tournament Player #3"]
[Site "SchemingMind.com"]
[Date "2007.03.05"]
[Round "-"]
[White "mart_r3000"]
[Black "nwhitelaw"]
[Result "1-0"]
[WhiteCountry "ENG"]
[BlackCountry "GBR"]
[WhiteElo "1354"]
[WhiteRD "54"]
[BlackElo "1355"]
[BlackRD "62"]
[GameID "95090"]

1. d4 Nf6 2. c4 e5 3. dxe5 Ng4 4. Nf3 Bc5 5. e3 O-O 6. Bd3 Nc6 7. O-O Ncxe5 8. Nxe5 Nxe5 9. Bc2 Nxc4 10. Qh5 g6
11. Qxc5 d5 12. Qd4 Qg5 13. g3 Bh3 14. b3 Bxf1 15. bxc4 Bxc4 16. Bb2 f6 17. Nc3 Rad8 18. f4 Qg4 19. Ne4 Qf3 20. Nxf6+ Kf7
21. Be4 dxe4 22. Qxc4+ Ke7 23. Qxc7+ Ke6 24. Qe5+
1-0

[Event "Budapest for the Tournament Player #3"]
[Site "SchemingMind.com"]
[Date "2007.03.25"]
[Round "-"]
[White "joab"]
[Black "chronorook"]
[Result "0-1"]
[WhiteCountry "CAN"]
[BlackCountry "PHI"]
[WhiteElo "1357"]
[WhiteRD "50"]
[BlackElo "1558"]
[BlackRD "88"]
[GameID "98131"]

1. d4 Nf6 2. c4 e5 3. dxe5 Ng4 4. Nf3 Bc5 5. e3 Nc6 6. Be2 Ngxe5 7. Nc3 O-O 8. O-O d6 9. e4 Bg4 10. b3 Bxf3
11. Bxf3 Nd4 12. Be2 Qh4 13. Nd5 c6 14. Ne3 Rfe8 15. b4 Bb6 16. Bb2 Nxe2+ 17. Qxe2 Bxe3 18. Qxe3 Re6 19. Qg3 Qh5 20. f4 Rg6
21. Qf2 Ng4
0-1

[Event "Budapest for the Tournament Player #3"]
[Site "SchemingMind.com"]
[Date "2007.03.27"]
[Round "-"]
[White "joab"]
[Black "iain"]
[Result "1-0"]
[WhiteCountry "CAN"]
[BlackCountry "USA"]
[WhiteElo "1357"]
[WhiteRD "50"]
[BlackElo "1380"]
[BlackRD "62"]
[GameID "98132"]

1. d4 Nf6 2. c4 e5 3. dxe5 Ng4 4. Nf3 Bb4+ 5. Nbd2 O-O 6. g3 d6 7. exd6 cxd6 8. Bg2 Bd7 9. O-O Bc6 10. Nb3 Na6
11. Bf4 b5 12. Nbd4 Be8 13. Nxb5 Bxb5 14. cxb5 Nc7 15. a3 Bc5 16. b4 Bxf2+ 17. Rxf2 Nxf2 18. Kxf2 Nxb5 19. Nd4 Rb8 20. Nxb5 Rxb5
21. Bxd6 Qf6+ 22. Bf3 Rd8 23. Rc1 h6 24. Rc6 Qb2 25. Be4 Qxa3 26. Be7 Rdb8 27. Qd4 a5 28. Rd6 g6 29. Rd8+ Rxd8 30. Qxd8+ Kg7
31. Bf6+ Kh7 32. Qh8#
1-0

[Event "Budapest for the Tournament Player #3"]
[Site "SchemingMind.com"]
[Date "2007.03.25"]
[Round "-"]
[White "joab"]
[Black "mart_r3000"]
[Result "1-0"]
[WhiteCountry "CAN"]
[BlackCountry "ENG"]
[WhiteElo "1357"]
[WhiteRD "50"]
[BlackElo "1335"]
[BlackRD "54"]
[GameID "98133"]

1. d4 Nf6 2. c4 e5 3. dxe5 Ne4 4. Qd4 Nc5 5. Nf3 h6 6. Nc3 Be7 7. e4 Nc6 8. Qe3 O-O 9. Be2 d6 10. Bd2 dxe5
11. Rd1 b6 12. O-O Bg4 13. Nxe5 Nxe5 14. Bxg4 Nxg4 15. Qg3 Nf6 16. Bxh6 Nh5 17. Qe5 Nd3 18. Qd5 Nc5 19. Qxh5 Qe8 20. Qg4 Ne6
21. Nd5 Rd8 22. Nxc7 Qc6 23. Nxe6 g6 24. Nxf8 Bf6 25. Nxg6 Kh7 26. Rxd8 fxg6 27. Qd7+ Qxd7 28. Rxd7+ Kxh6 29. b3 a5 30. f4
1-0

[Event "Budapest for the Tournament Player #3"]
[Site "SchemingMind.com"]
[Date "2007.03.25"]
[Round "-"]
[White "joab"]
[Black "nwhitelaw"]
[Result "1-0"]
[WhiteCountry "CAN"]
[BlackCountry "GBR"]
[WhiteElo "1357"]
[WhiteRD "50"]
[BlackElo "1336"]
[BlackRD "66"]
[GameID "98134"]

1. d4 Nf6 2. c4 e5 3. dxe5 Ne4 4. Qd4 Ng5 5. e4 c5 6. Qd5 Be7 7. Bxg5 Bxg5 8. Qxc5 Na6 9. Qd4 Nb4 10. Bd3 Qa5
11. Nc3 Bf4 12. Nf3 Nc6 13. Qd5 Qb4 14. Rb1 a5 15. O-O O-O 16. Bc2 Qe7 17. b3 Nxe5 18. Bd1 d6 19. Nxe5 Bxe5 20. Qd2 Qh4
21. f4 Bxc3 22. Qxc3 Bg4 23. Qg3 Qxg3 24. hxg3 Bxd1 25. Rbxd1 f6 26. Rxd6 a4 27. Rfd1 axb3 28. axb3 Ra3 29. R1d3 h5 30. Rd7 g5
31. Rxb7 gxf4 32. Rdd7 Ra1+ 33. Kf2
1-0

[Event "Budapest for the Tournament Player #3"]
[Site "SchemingMind.com"]
[Date "2007.03.25"]
[Round "-"]
[White "chronorook"]
[Black "joab"]
[Result "1-0"]
[WhiteCountry "PHI"]
[BlackCountry "CAN"]
[WhiteElo "1558"]
[WhiteRD "88"]
[BlackElo "1357"]
[BlackRD "50"]
[GameID "98135"]

1. d4 Nf6 2. c4 e5 3. dxe5 Ne4 4. Nf3 Bb4+ 5. Bd2 Nxd2 6. Nbxd2 f6 7. Qb3 Nc6 8. e3 Qe7 9. exf6 Qxf6 10. Be2 O-O
11. O-O d6 12. Ne4 Qg6 13. Ng3 Bg4 14. c5+ Be6 15. Bc4 Rae8 16. cxd6 Bxd6 17. Rad1 Bxc4 18. Qxc4+ Kh8 19. Rd5 Ne5 20. Nxe5 Rxe5
21. b3 b6 22. Rfd1
1-0

[Event "Budapest for the Tournament Player #3"]
[Site "SchemingMind.com"]
[Date "2007.03.25"]
[Round "-"]
[White "mart_r3000"]
[Black "joab"]
[Result "0-1"]
[WhiteCountry "ENG"]
[BlackCountry "CAN"]
[WhiteElo "1335"]
[WhiteRD "54"]
[BlackElo "1357"]
[BlackRD "50"]
[GameID "98137"]

1. d4 Nf6 2. c4 e5 3. dxe5 Ne4 4. a3 f6 5. e3 Qe7 6. Bd3 Qxe5 7. Nf3 Qa5+ 8. b4 Bxb4+ 9. Kf1 f5 10. Ng5 Bc3
11. Qh5+ g6 12. Qf3 Nxg5 13. Qg3 Ne4 14. Qh4 Bxa1 15. f3 Nc3 16. Qd4 Nxb1 17. Qxa1 Nc3 18. Bb2 Qe5 19. Bxc3 Qxe3 20. Qe1 Qxe1+
21. Kxe1 O-O 22. c5 Nc6 23. Bc4+ Rf7 24. Kf2 Kf8 25. Re1 Re7 26. Rd1 a6 27. Kg3 b5 28. cxb6 cxb6 29. Rd6 Ke8 30. Kf4 b5
31. Bd5 Bb7 32. Kg5 Kd8 33. Kf6 Kc7 34. Be5 Rf8+ 35. Kg5 Rxe5 36. Rf6 Rxf6
0-1

[Event "Budapest for the Tournament Player #3"]
[Site "SchemingMind.com"]
[Date "2007.03.25"]
[Round "-"]
[White "nwhitelaw"]
[Black "joab"]
[Result "1-0"]
[WhiteCountry "GBR"]
[BlackCountry "CAN"]
[WhiteElo "1336"]
[WhiteRD "66"]
[BlackElo "1357"]
[BlackRD "50"]
[GameID "98138"]

1. d4 Nf6 2. c4 e5 3. dxe5 Ne4 4. e3 Bb4+ 5. Bd2 Nxd2 6. Nxd2 O-O 7. a3 Be7 8. Bd3 f6 9. exf6 Bxf6 10. Qh5 h6
11. Ngf3 Bxb2 12. Qd5+ Kh8 13. Rb1 Bxa3 14. Ne5 Qf6 15. Ne4 Qf5 16. Ng3 Qxf2+ 17. Kd1 d6 18. Ng6+ Kh7 19. Nxf8+ Kh8 20. Rf1 Bg4+
21. Ne2 Qxf1+ 22. Kc2 Qxf8 23. Nf4 Bh5 24. Qxh5 Kg8 25. Qg6 Qf6 26. Qh7+ Kf7 27. Bg6+
1-0

[Event "Budapest for the Tournament Player #3"]
[Site "SchemingMind.com"]
[Date "2007.03.26"]
[Round "-"]
[White "jtrochez1"]
[Black "chronorook"]
[Result "0-1"]
[WhiteCountry "HON"]
[BlackCountry "PHI"]
[WhiteElo "1559"]
[WhiteRD "45"]
[BlackElo "1575"]
[BlackRD "88"]
[GameID "98252"]

1. d4 Nf6 2. c4 e5 3. dxe5 Ng4 4. Nf3 Nc6 5. h3 Ngxe5 6. Nxe5 Nxe5 7. e3 Be7 8. Be2 d6 9. b3 Bf6 10. Nd2 Bd7
11. Rb1 O-O 12. e4 Qc8 13. Nf3 a5 14. Nxe5 dxe5 15. Qc2 c6 16. Qc3 b6 17. O-O Qc7 18. Qg3 Rad8 19. f4 Rde8 20. f5 b5
21. Bh6 Kh8 22. Bg5 Qd8 23. Bxf6 Qxf6 24. c5 Bc8 25. Rbd1 Rd8 26. Rxd8 Rxd8 27. Rd1 Rxd1+ 28. Bxd1 Qd8 29. Qf3 Qd2 30. Qe2 Qd4+
31. Kh2 Qxc5 32. Qc2 Qd6 33. Bh5 b4 34. Bxf7 h6 35. Bg6 Ba6 36. Qf2 c5 37. Bh5 Qd4 38. Qxd4 cxd4 39. Kg1 Kg8 40. Kf2 Kf8
41. Ke1 Ke7 42. Kd2 Kf6 43. Be2 Bxe2 44. Kxe2 Kg5 45. Kf3 Kh4 46. Kf2 h5 47. Kg1 Kg3 48. Kf1 Kf4 49. g4 hxg4 50. hxg4 Kxg4
51. Kf2 Kf4 52. f6 gxf6
0-1

[Event "Budapest for the Tournament Player #3"]
[Site "SchemingMind.com"]
[Date "2007.03.26"]
[Round "-"]
[White "jtrochez1"]
[Black "iain"]
[Result "1-0"]
[WhiteCountry "HON"]
[BlackCountry "USA"]
[WhiteElo "1497"]
[WhiteRD "52"]
[BlackElo "1380"]
[BlackRD "62"]
[GameID "98253"]

1. d4 Nf6 2. c4 e5 3. dxe5 Ne4 4. e3 d6 5. Nf3 Be7 6. Bd3 Nc5 7. Bc2 O-O 8. O-O dxe5 9. e4 Nc6 10. a3 a5
11. h3 Qxd1 12. Rxd1 Be6 13. b3 Bf6 14. Nc3 Nd4 15. Nxd4 exd4 16. Nd5 Bxd5 17. cxd5 Rae8 18. Rb1 b5 19. f3 b4 20. a4 Rc8
21. Bf4 h6 22. e5 Bg5 23. Bxg5 hxg5 24. Rxd4 Nd7 25. Re1 Nc5 26. h4 gxh4 27. Rxh4 g6 28. Kf2 Rcd8 29. Reh1 f5 30. exf6 Kf7
31. Rh6 Kxf6 32. Rxg6+ Ke5 33. Ke3
1-0

[Event "Budapest for the Tournament Player #3"]
[Site "SchemingMind.com"]
[Date "2007.03.26"]
[Round "-"]
[White "jtrochez1"]
[Black "mart_r3000"]
[Result "1-0"]
[WhiteCountry "HON"]
[BlackCountry "ENG"]
[WhiteElo "1495"]
[WhiteRD "52"]
[BlackElo "1354"]
[BlackRD "54"]
[GameID "98254"]

1. d4 Nf6 2. c4 e5 3. dxe5 Ne4 4. Nd2 Bb4 5. a3 Ba5 6. b4 Bb6 7. Nxe4 O-O 8. e3 c6 9. c5 Bc7 10. Nf3 Re8
11. Bb2 h6 12. Qd4 Re7 13. Nf6+ gxf6 14. exf6 Re6 15. Qg4+ Kf8 16. Qg7+
1-0

[Event "Budapest for the Tournament Player #3"]
[Site "SchemingMind.com"]
[Date "2007.03.26"]
[Round "-"]
[White "jtrochez1"]
[Black "nwhitelaw"]
[Result "1-0"]
[WhiteCountry "HON"]
[BlackCountry "GBR"]
[WhiteElo "1497"]
[WhiteRD "52"]
[BlackElo "1336"]
[BlackRD "66"]
[GameID "98255"]

1. d4 Nf6 2. c4 e5 3. dxe5 Ne4 4. Bd2 Nc6 5. Nc3 Nc5 6. Nf3 Be7 7. Nd5 Nxe5 8. Nxe5 O-O 9. Nc3 Bd6 10. Nf3 Qf6
11. e4 b6 12. Qc2 Bf4 13. Nd5 Qd6 14. Bd3 Bxd2+ 15. Qxd2 Nxd3+ 16. Qxd3 c6 17. e5 Qc5 18. Nf4 Qe7 19. O-O Ba6 20. b3 b5
21. Rfe1 bxc4 22. bxc4 Qb4 23. Ng5 h6 24. Qh7#
1-0

[Event "Budapest for the Tournament Player #3"]
[Site "SchemingMind.com"]
[Date "2007.03.26"]
[Round "-"]
[White "jtrochez1"]
[Black "joab"]
[Result "0-1"]
[WhiteCountry "HON"]
[BlackCountry "CAN"]
[WhiteElo "1497"]
[WhiteRD "52"]
[BlackElo "1357"]
[BlackRD "50"]
[GameID "98256"]

1. d4 Nf6 2. c4 e5 3. dxe5 Ne4 4. Bd2 Nxd2 5. Nxd2 Bb4 6. e3 f6 7. Nf3 O-O 8. Be2 Nc6 9. a3 Be7 10. b4 a6
11. exf6 Bxf6 12. Rb1 d5 13. O-O dxc4 14. Nxc4 Kh8 15. Qxd8 Rxd8 16. Rfd1 Be6 17. h3 b5 18. Nb2 Bb3 19. Rxd8+ Rxd8 20. Nd3 Bc4
21. Nfe1 Bc3 22. Kf1 Kg8 23. f4 Bd2 24. Kf2 Ne7 25. Rd1 Bc3 26. Nc5 Rxd1 27. Bxc4+ bxc4 28. Nf3 Ra1 29. Nxa6 Rxa3 30. Nxc7 Bxb4
31. Ne1 Ra2+ 32. Kf3 Bxe1 33. Nb5 c3 34. Nxc3 Bxc3 35. g4 Be1 36. g5 Rh2
0-1

[Event "Budapest for the Tournament Player #3"]
[Site "SchemingMind.com"]
[Date "2007.03.27"]
[Round "-"]
[White "chronorook"]
[Black "jtrochez1"]
[Result "1/2-1/2"]
[WhiteCountry "PHI"]
[BlackCountry "HON"]
[WhiteElo "1558"]
[WhiteRD "88"]
[BlackElo "1497"]
[BlackRD "52"]
[GameID "98257"]

1. d4 Nf6 2. c4 e5 3. dxe5 Ne4 4. Nf3 Nc6 5. e3 d6 6. exd6 Nxd6 7. Bd3 Be7 8. O-O O-O 9. Bd2 Bf5 10. Bc3 Bxd3
11. Qxd3 Bf6 12. Nbd2 Bxc3 13. Qxc3 Qd7 14. Rad1 Qe7 15. b3 Ne8 16. Rfe1 Nb4 17. a3 Nc6 18. b4 a6 19. Nf1 Qf6 20. Qc2 Ne5
21. Nxe5 Qxe5 22. Rd5 Qf6 23. e4 g6 24. e5 Qg7 25. e6 fxe6 26. Rxe6 Nf6 27. Rde5 Rae8 28. Qe2 Rxe6 29. Rxe6 h5 30. Re7 Rf7
31. Re8+ Nxe8 32. Qxe8+ Kh7 33. h3 Qf6 34. Qe3 Re7 35. Qd3 Rf7 36. Qe3 Re7 37. Qd3 Qd6 38. Qf3 c6 39. g3 Qe6 40. Ne3 Qxh3
41. Qd1 Qe6 42. Qd8 Re8 43. Qc7+ Re7 44. Qf4 Rf7 45. Qd4 Rd7 46. Qf4 Rf7 47. Qd4 Rd7=
1/2-1/2

[Event "Budapest for the Tournament Player #3"]
[Site "SchemingMind.com"]
[Date "2007.03.26"]
[Round "-"]
[White "iain"]
[Black "jtrochez1"]
[Result "0-1"]
[WhiteCountry "USA"]
[BlackCountry "HON"]
[WhiteElo "1380"]
[WhiteRD "62"]
[BlackElo "1497"]
[BlackRD "52"]
[GameID "98258"]

1. d4 Nf6 2. c4 e5 3. dxe5 Ne4 4. g3 Nc6 5. Bg2 Nc5 6. Nf3 Be7 7. O-O O-O 8. Nc3 d6 9. exd6 Bxd6 10. Nd5 Be6
11. e4 Bg4 12. h3 Bh5 13. Qd2 Nxe4 14. Qe1 Nc5 15. Be3 Ne6 16. Nd2 Re8 17. g4 Bg6 18. Ne4 Be7 19. f4 Bh4 20. Qd1 f5
21. Nc5 Nxc5 22. Bxc5 Qb8 23. b4 Ne7 24. g5 Nc6 25. b5 Nd8 26. Ne7+ Kh8 27. Nxg6+ hxg6 28. Bf3 c6 29. a4 Qxf4 30. Bg2 Qxg5
31. bxc6 Nxc6 32. Ra3 b6 33. Bf2 Rad8 34. Qb1 Rd2 35. Qc1 Ree2
0-1

[Event "Budapest for the Tournament Player #3"]
[Site "SchemingMind.com"]
[Date "2007.03.26"]
[Round "-"]
[White "mart_r3000"]
[Black "jtrochez1"]
[Result "0-1"]
[WhiteCountry "ENG"]
[BlackCountry "HON"]
[WhiteElo "1335"]
[WhiteRD "54"]
[BlackElo "1497"]
[BlackRD "52"]
[GameID "98259"]

1. d4 Nf6 2. c4 e5 3. dxe5 Ne4 4. Nf3 d6 5. h3 Nc6 6. Qd5 Nc5 7. Bg5 Be7 8. exd6 cxd6 9. Nc3 Be6 10. Qd2 f6
11. Bh4 Bxc4 12. b3 Bf7 13. O-O-O O-O 14. e3 Qa5 15. Qb2 a6 16. Nd5 Bxd5 17. Rxd5 Rac8 18. Bc4 b5 19. Rxc5+ Kh8 20. Rd1 dxc5
21. Be6 c4 22. Bxc8 Ba3 23. Kb1 Bxb2 24. Kxb2 Rxc8 25. Nd4 c3+ 26. Kc2 Nxd4+ 27. Rxd4 Qxa2+ 28. Kd3 c2 29. Ke4 c1=Q 30. Kf3 Qf1
31. Bg3 g5 32. h4 Qfe2+ 33. Ke4 Qxb3 34. Kf5 Qec2+ 35. Kxf6 Qg6+
0-1

[Event "Budapest for the Tournament Player #3"]
[Site "SchemingMind.com"]
[Date "2007.03.26"]
[Round "-"]
[White "nwhitelaw"]
[Black "jtrochez1"]
[Result "0-1"]
[WhiteCountry "GBR"]
[BlackCountry "HON"]
[WhiteElo "1345"]
[WhiteRD "71"]
[BlackElo "1559"]
[BlackRD "45"]
[GameID "98260"]

1. d4 Nf6 2. c4 e5 3. dxe5 Ne4 4. Nd2 Nxd2 5. Qxd2 Be7 6. Nf3 Nc6 7. e4 O-O 8. Bd3 d6 9. exd6 Bxd6 10. O-O Be6
11. Qc3 Bg4 12. e5 Be7 13. Bf4 Bxf3 14. gxf3 Bb4 15. Qb3 Kh8 16. Be4 Qh4 17. Bg3 Qe7 18. Bxc6 bxc6 19. a3 Ba5 20. Qa4 Bb6
21. Qxc6 Qe6 22. Qxc7 Bxc7 23. Rac1 Bxe5 24. Rce1 Qf6 25. Bxe5 Qxf3 26. Re3 Qh5 27. Bd6 Rfe8 28. Rxe8+ Rxe8 29. b4 Qg6+ 30. Bg3 Qd3
31. c5 Qxa3 32. c6 Qxb4 33. c7 a5 34. Rc1 Rc8 35. Rd1 Qf8 36. Rb1 a4 37. Rb8 h6 38. Kg2 a3 39. Rb1 f5 40. Bf4 Qc5
41. Rd1 a2 42. Rd8+ Kh7 43. Rxc8 a1=Q 44. Re8 Qc6+
0-1

[Event "Budapest for the Tournament Player #3"]
[Site "SchemingMind.com"]
[Date "2007.03.27"]
[Round "-"]
[White "joab"]
[Black "jtrochez1"]
[Result "1-0"]
[WhiteCountry "CAN"]
[BlackCountry "HON"]
[WhiteElo "1376"]
[WhiteRD "58"]
[BlackElo "1559"]
[BlackRD "45"]
[GameID "98261"]

1. d4 Nf6 2. c4 e5 3. dxe5 Ne4 4. Qd4 Nc5 5. e4 Nc6 6. Qc3 Nxe4 7. Qe3 Nc5 8. Nf3 Be7 9. Be2 d6 10. exd6 cxd6
11. O-O O-O 12. Nc3 Be6 13. b3 h6 14. Bb2 Bf6 15. Rab1 a6 16. Rfd1 Qe7 17. Ne4 Bxb2 18. Rxb2 Nxe4 19. Qxe4 f5 20. Qe3 f4
21. Qe4 Rad8 22. Rbd2 Rf6 23. Nd4 Nxd4 24. Rxd4 Qc7 25. Bf3 b5 26. h3 Bf7 27. Kh2 Re8 28. Qc6 Qxc6 29. Bxc6 Rd8 30. cxb5 axb5
31. Bxb5 d5 32. Be2 g5 33. Bf3 h5 34. Bxd5 Bxd5 35. Rxd5 Rxd5 36. Rxd5 Rg6 37. a4 Kf8 38. b4 Ke7 39. b5 Ke6 40. Rc5 Rg7
41. a5 Kd6 42. Rc6+ Kd7 43. Rc5 Rg8 44. b6 Rb8 45. Rxg5
1-0